| 000 | 00652nam a2200205Ia 4500 | ||
|---|---|---|---|
| 008 | 220216s9999 xx 000 0 und d | ||
| 100 | _aShi Tao | ||
| 245 | 0 | _aProtoplast transformation method of Corynespora cassiicola and the obtaintion of Gfp transformants | |
| 260 | _bIRRDB Natural Rubber Conference 2008, 13-15 October 2008, Kuala Lumpur, Malaysia: Abstract of papers | ||
| 500 | _aSource Year: 2008 | ||
| 650 | _aCorynespora cassiicola | ||
| 650 | _aProtoplast | ||
| 650 | _aTransformation | ||
| 700 | _aCai Jimiao | ||
| 700 | _aHuang Guixiu | ||
| 700 | _aLin Chunhua | ||
| 700 | _aLiu Xianbao | ||
| 856 | _uAbst only | ||
| 942 | _cJS | ||
| 999 |
_c66077 _d66077 |
||